[Event "CP-2014-P-00028"]
[Site "LSS email"]
[Date "2014.09.30"]
[Round "?"]
[White "Vazquez, Alvaro"]
[Black "Jablonski, Czeslaw"]
[Result "0-1"]
[WhiteElo "892"]
[BlackElo "1945"]
[PlyCount "22"]
[EventDate "2014.10.01"]
[EventType "tourn (corr)"]
[EventRounds "6"]
[EventCountry "GER"]
[SourceTitle "Corr 2022"]
[Source "ChessBase"]
[SourceDate "2021.10.24"]
[SourceVersion "1"]
[SourceVersionDate "2021.10.24"]
[SourceQuality "1"]

1. c4 Nf6 2. f3 e5 3. e4 Nxe4 4. fxe4 Qh4+ 5. Ke2 Qxe4+ 6. Kf2 Bc5+ 7. Kg3 Qf4+ 8. Kh3 d6+ 9. g4 h5 10. Nf3 b5 11. d3 Qxg4# 0-1

[Event "LSS No Engine Cup 117 Preliminary 5"]
[Site "LSS email"]
[Date "2014.09.04"]
[Round "?"]
[White "Granara Barreto, Sebastian A"]
[Black "Vazquez, Alvaro"]
[Result "1-0"]
[WhiteElo "1807"]
[BlackElo "580"]
[PlyCount "45"]
[EventDate "2014.09.05"]
[EventType "tourn (corr)"]
[EventRounds "6"]
[EventCountry "GER"]
[SourceTitle "Corr 2015"]
[Source "ChessBase"]
[SourceDate "2015.07.17"]
[SourceVersion "1"]
[SourceVersionDate "2015.07.17"]
[SourceQuality "1"]

1. e4 Nc6 2. Nf3 d6 3. d4 f5 4. exf5 Bxf5 5. c4 d5 6. cxd5 Qxd5 7. Nc3 Qe6+ 8. Be3 g6 9. d5 Qd6 10. dxc6 Qxd1+ 11. Rxd1 Nf6 12. cxb7 Rb8 13. Bb5+ Kf7 14. Bc6 Kg7 15. Bxa7 Rxb7 16. Bxb7 Kh6 17. Rd8 Nd7 18. Be3+ Kg7 19. Bd4+ e5 20. Rxd7+ Kf6 21. Bxe5+ Ke6 22. Rxc7 Bd6 23. Bd5# 1-0

[Event "LSS No Engine Cup 116 Preliminary 4"]
[Site "LSS email"]
[Date "2014.08.22"]
[Round "?"]
[White "Caviglia, Maximiliano"]
[Black "Vazquez, Alvaro"]
[Result "1-0"]
[WhiteElo "1161"]
[BlackElo "580"]
[PlyCount "51"]
[EventDate "2014.08.23"]
[EventType "tourn (corr)"]
[EventRounds "6"]
[EventCountry "GER"]
[SourceTitle "Corr 2015"]
[Source "ChessBase"]
[SourceDate "2015.07.17"]
[SourceVersion "1"]
[SourceVersionDate "2015.07.17"]
[SourceQuality "1"]

1. d4 d5 2. Nf3 f6 3. Bf4 Nc6 4. e3 Bg4 5. Nbd2 g5 6. Bg3 Nh6 7. c3 Bg7 8. Qc2 Bf5 9. Bd3 Qd6 10. Bxd6 cxd6 11. Bxf5 Nxf5 12. Qxf5 Kf7 13. Nxg5+ Ke8 14. Ne6 Kf7 15. Nc7 Rac8 16. Qe6+ Kg6 17. Nxd5 Rce8 18. f4 Nd8 19. Nxe7+ Rxe7 20. Qxe7 d5 21. g4 Rg8 22. h4 h5 23. f5+ Kh7 24. Nf3 Nc6 25. Qf7 Kh8 26. Qxh5+ 1-0

[Event "SN-2014-0-00611"]
[Site "LSS email"]
[Date "2014.07.18"]
[Round "?"]
[White "Vazquez, Alvaro"]
[Black "Narkun, Malgorzata"]
[Result "0-1"]
[WhiteElo "606"]
[BlackElo "1745"]
[PlyCount "60"]
[EventDate "2014.06.30"]
[EventType "tourn (corr)"]
[EventRounds "6"]
[EventCountry "GER"]
[SourceTitle "Corr 2015"]
[Source "ChessBase"]
[SourceDate "2015.07.17"]
[SourceVersion "1"]
[SourceVersionDate "2015.07.17"]
[SourceQuality "1"]

1. Nc3 c5 2. e4 Nc6 3. Nf3 d6 4. h3 Nf6 5. Bd3 g6 6. Nd5 Bg7 7. Bb5 Nxe4 8. Qe2 a6 9. Bxc6+ bxc6 10. Nc3 Nxc3 11. bxc3 0-0 12. 0-0 Re8 13. Ng5 e5 14. d4 h6 15. Nxf7 Kxf7 16. Qf3+ Kg8 17. Qxc6 Bd7 18. Qxd6 cxd4 19. Qxg6 Re6 20. Qg3 Kh7 21. Bd2 Rg6 22. Qf3 Bc6 23. Qf5 Qf6 24. Qxf6 Rxg2+ 25. Kh1 Bxf6 26. Rg1 Rxf2+ 27. Rg2 Rg8 28. cxd4 Rgxg2 29. Be3 Rg3+ 30. d5 Bxd5# 0-1

[Event "LSS No Engine Cup 112 Preliminary 0"]
[Site "LSS email"]
[Date "2014.06.17"]
[Round "?"]
[White "Pirttimaeki, Mika"]
[Black "Vazquez, Alvaro"]
[Result "1-0"]
[WhiteElo "1600"]
[BlackElo "1600"]
[PlyCount "101"]
[EventDate "2014.06.18"]
[EventType "tourn (corr)"]
[EventRounds "6"]
[EventCountry "GER"]
[SourceTitle "Corr 2022"]
[Source "ChessBase"]
[SourceDate "2021.10.24"]
[SourceVersion "1"]
[SourceVersionDate "2021.10.24"]
[SourceQuality "1"]

1. e4 Nc6 2. d4 e6 3. c4 Bb4+ 4. Nc3 e5 5. d5 Nd4 6. Nge2 c5 7. Bd2 a6 8. a3 Ba5 9. Nxd4 cxd4 10. Ne2 Bxd2+ 11. Qxd2 Qb6 12. Ng3 Nf6 13. Bd3 h6 14. 0-0 d6 15. b4 Qc7 16. f4 Ng4 17. f5 f6 18. Rfc1 Qf7 19. Nf1 h5 20. h3 Nh6 21. c5 dxc5 22. Rxc5 g6 23. Rac1 Kd7 24. Rc7+ Ke8 25. Rxf7 Nxf7 26. fxg6 Ng5 27. Rc7 Bxh3 28. g7 Rg8 29. Qc2 Rd8 30. gxh3 Nf7 31. Qg2 Ng5 32. b5 Rd7 33. Rxd7 Kxd7 34. h4 Rxg7 35. hxg5 Rxg5 36. Qxg5 fxg5 37. bxa6 bxa6 38. Bxa6 h4 39. a4 d3 40. Bb5+ Kd6 41. Bxd3 Kc5 42. Bb5 Kd4 43. d6 Kxe4 44. d7 h3 45. d8Q Kf3 46. Qxg5 Ke4 47. Bc6+ Kd4 48. a5 Kc5 49. Bb7 Kd4 50. a6 e4 51. a7 1-0

[Event "LSS No Engine Cup 110 Preliminary 2"]
[Site "LSS email"]
[Date "2014.05.16"]
[Round "?"]
[White "Vazquez, Alvaro"]
[Black "Werner, Guenter"]
[Result "0-1"]
[WhiteElo "606"]
[BlackElo "1072"]
[PlyCount "88"]
[EventDate "2014.05.17"]
[EventType "tourn (corr)"]
[EventRounds "6"]
[EventCountry "GER"]
[SourceTitle "Corr 2015"]
[Source "ChessBase"]
[SourceDate "2015.07.17"]
[SourceVersion "1"]
[SourceVersionDate "2015.07.17"]
[SourceQuality "1"]

1. Nc3 Nf6 2. f3 g6 3. e4 d6 4. d4 Bg7 5. Be3 0-0 6. Bd3 Nbd7 7. g4 e5 8. d5 b6 9. a4 a6 10. g5 Ne8 11. f4 exf4 12. Bxf4 Bxc3+ 13. bxc3 Nc5 14. Nf3 Bg4 15. 0-0 Nxd3 16. cxd3 Qc8 17. Qb3 Bh3 18. Rf2 Qg4+ 19. Kh1 Qxf4 20. Re1 Qg4 21. Rg1 Qc8 22. c4 Ng7 23. Qd1 c6 24. Nh4 cxd5 25. Nf3 dxe4 26. Nd4 Qb7 27. Rg3 e3+ 28. Kg1 exf2+ 29. Kxf2 Bc8 30. Nf3 b5 31. a5 Qa7+ 32. Kf1 Nf5 33. Ne1 Ne3+ 34. Rxe3 Qxe3 35. Ng2 Bh3 36. Qe2 Qc1+ 37. Kf2 Qxg5 38. Ne1 Bg4 39. Qe4 Rae8 40. Qxg4 Qxg4 41. Nf3 bxc4 42. dxc4 Qxc4 43. Kg3 Re3 44. Kg2 Qg4+ 0-1

[Event "BI-2014-P-0023"]
[Site "LSS email"]
[Date "2014.04.19"]
[Round "?"]
[White "Vazquez, Alvaro"]
[Black "Glowinski, Daniel"]
[Result "0-1"]
[WhiteElo "580"]
[BlackElo "1482"]
[PlyCount "56"]
[EventDate "2014.04.25"]
[EventType "tourn (corr)"]
[EventRounds "10"]
[EventCountry "GER"]
[SourceTitle "Corr 2015"]
[Source "ChessBase"]
[SourceDate "2015.07.17"]
[SourceVersion "1"]
[SourceVersionDate "2015.07.17"]
[SourceQuality "1"]

1. e4 e5 2. d3 Nf6 3. Bg5 Be7 4. f4 exf4 5. Bxf4 0-0 6. g4 Re8 7. Nc3 Bb4 8. Qd2 d5 9. a3 Bxc3 10. Qxc3 dxe4 11. 0-0-0 Nd5 12. Qc4 Nxf4 13. dxe4 Qf6 14. Be2 Nc6 15. Bf3 Ne5 16. Qxc7 Nxf3 17. Nxf3 Bxg4 18. Rd6 Ne2+ 19. Kb1 Qxf3 20. Rhd1 Rac8 21. Qxc8 Bxc8 22. Rd8 Qxe4 23. R8d3 Be6 24. b3 Qe5 25. Rf1 Nc3+ 26. Kc1 Nb5 27. Kd2 Bg4 28. Re1 Qxe1# 0-1

[Event "BI-2014-P-0023"]
[Site "LSS email"]
[Date "2014.04.19"]
[Round "?"]
[White "Vazquez, Alvaro"]
[Black "Pascual Perez, Norge"]
[Result "0-1"]
[WhiteElo "580"]
[BlackElo "2266"]
[PlyCount "64"]
[EventDate "2014.04.25"]
[EventType "tourn (corr)"]
[EventRounds "10"]
[EventCountry "GER"]
[SourceTitle "Corr 2015"]
[Source "ChessBase"]
[SourceDate "2015.07.17"]
[SourceVersion "1"]
[SourceVersionDate "2015.07.17"]
[SourceQuality "1"]

1. Nc3 d5 2. d4 Nf6 3. f3 c5 4. Be3 Nc6 5. dxc5 d4 6. Nb5 dxe3 7. Qxd8+ Kxd8 8. 0-0-0+ Bd7 9. Rd3 Nb4 10. Rxe3 Bxb5 11. a3 Nc6 12. g4 e6 13. Rb3 Ba6 14. g5 Nd5 15. Nh3 Nd4 16. e4 Nxb3+ 17. cxb3 Bxf1 18. Rxf1 Ne3 19. Re1 Bxc5 20. b4 Bd4 21. Kb1 Ke7 22. Nf4 Nc4 23. Rd1 Rhd8 24. Ne2 Bxb2 25. Rxd8 Rxd8 26. Ka2 b5 27. Nf4 Rd2 28. Kb1 Be5 29. Nh5 Rd1+ 30. Kc2 Ne3+ 31. Kb3 Rb1+ 32. Ka2 Rb2+ 0-1

[Event "OP-2014-0-03278"]
[Site "LSS email"]
[Date "2014.02.17"]
[Round "?"]
[White "Van Gysel, Marc"]
[Black "Vazquez, Alvaro"]
[Result "1-0"]
[WhiteElo "2010"]
[BlackElo "943"]
[PlyCount "29"]
[EventDate "2014.02.01"]
[EventType "tourn (corr)"]
[EventRounds "4"]
[EventCountry "GER"]
[SourceTitle "Corr 2022"]
[Source "ChessBase"]
[SourceDate "2021.10.24"]
[SourceVersion "1"]
[SourceVersionDate "2021.10.24"]
[SourceQuality "1"]

1. d4 d5 2. Nf3 Nc6 3. c4 Be6 4. cxd5 Bxd5 5. Nbd2 f6 6. e4 Bf7 7. d5 Ne5 8. Nxe5 fxe5 9. Bb5+ c6 10. dxc6 Be6 11. cxb7+ Bd7 12. Bxd7+ Kf7 13. Nc4 Rb8 14. Qf3+ Nf6 15. Nxe5+ 1-0

[Event "OP-2014-0-03278"]
[Site "LSS email"]
[Date "2014.02.14"]
[Round "?"]
[White "Vazquez, Alvaro"]
[Black "Schalkwijk, Peter H"]
[Result "0-1"]
[WhiteElo "648"]
[BlackElo "1482"]
[PlyCount "56"]
[EventDate "2014.02.01"]
[EventType "tourn (corr)"]
[EventRounds "4"]
[EventCountry "GER"]
[SourceTitle "Telechess CBM 167"]
[Source "ChessBase"]
[SourceDate "2015.07.13"]
[SourceVersion "1"]
[SourceVersionDate "2015.07.13"]
[SourceQuality "1"]

1. Nc3 c5 2. e4 Nc6 3. Bc4 e6 4. Nf3 Bd6 5. d4 cxd4 6. Nxd4 Nf6 7. Bg5 Be5 8. Ndb5 0-0 9. Nd6 Qa5 10. Bxf6 gxf6 11. Qg4+ Kh8 12. 0-0 Bxd6 13. Ne2 Ne5 14. Qh4 Nxc4 15. Nf4 Qg5 16. Qxg5 fxg5 17. Nh5 Nxb2 18. Nf6 Be7 19. Nh5 f5 20. e5 d6 21. Rab1 Nc4 22. exd6 Bxd6 23. Rbd1 Bc5 24. Rfe1 Nd6 25. Re5 Ne4 26. Kf1 b6 27. f3 Ba6+ 28. Ke1 Bf2# 0-1

[Event "LSS No Engine Cup 101 Preliminary 1"]
[Site "LSS email"]
[Date "2013.12.30"]
[Round "?"]
[White "Crapulli, Giuseppe"]
[Black "Vazquez, Alvaro"]
[Result "1-0"]
[WhiteElo "1639"]
[BlackElo "648"]
[PlyCount "97"]
[EventDate "2013.12.31"]
[EventType "tourn (corr)"]
[EventRounds "6"]
[EventCountry "GER"]
[SourceTitle "Telechess CBM 167"]
[Source "ChessBase"]
[SourceDate "2015.07.13"]
[SourceVersion "1"]
[SourceVersionDate "2015.07.13"]
[SourceQuality "1"]

1. e4 Nc6 2. Nf3 e5 3. Bb5 a6 4. Ba4 b5 5. Bb3 Nf6 6. 0-0 Bc5 7. a4 b4 8. Nxe5 Nxe5 9. d4 Nxe4 10. dxc5 Nxc5 11. Qd5 0-0 12. Qxc5 Qh4 13. Qxe5 d6 14. Qg3 Qxg3 15. hxg3 h5 16. Bd2 c5 17. Bf4 Be6 18. Bxd6 Rfd8 19. Bxc5 a5 20. Bxe6 fxe6 21. Be3 e5 22. Nd2 Rac8 23. Rac1 Kf7 24. c3 bxc3 25. Rxc3 Ke6 26. Rfc1 Rb8 27. Rc6+ Kf5 28. Nc4 Rb4 29. Rc5 Re8 30. Rxa5 g5 31. Nd6+ Ke6 32. Nxe8 Kf7 33. Nd6+ Kg6 34. Rxe5 Rxb2 35. Rxg5+ Kf6 36. Ne4+ Ke7 37. Rc7+ Kd8 38. Rg8+ Kxc7 39. a5 Ra2 40. Bb6+ Kc6 41. Kh2 Ra4 42. Nc5 Ra2 43. Rc8+ Kd6 44. a6 Kd5 45. a7 Kd4 46. Na4+ Kd3 47. a8Q Ra3 48. Qd5+ Ke2 49. Re8+ 1-0

[Event "LSS No Engine Cup 101 Preliminary 1"]
[Site "LSS email"]
[Date "2013.12.30"]
[Round "?"]
[White "Vazquez, Alvaro"]
[Black "Gyongyosi, Peter Laszlo"]
[Result "0-1"]
[WhiteElo "648"]
[BlackElo "844"]
[PlyCount "136"]
[EventDate "2013.12.31"]
[EventType "tourn (corr)"]
[EventRounds "6"]
[EventCountry "GER"]
[SourceTitle "Telechess CBM 167"]
[Source "ChessBase"]
[SourceDate "2015.07.13"]
[SourceVersion "1"]
[SourceVersionDate "2015.07.13"]
[SourceQuality "1"]

1. Nc3 d5 2. d4 Nf6 3. Nf3 e6 4. Ne5 Nc6 5. Bg5 Be7 6. e3 h6 7. Bf4 Bd7 8. a3 0-0 9. Bd3 Nxe5 10. dxe5 Ne8 11. 0-0 c5 12. b3 Nc7 13. Bxh6 gxh6 14. Qg4+ Kh8 15. Qh5 f5 16. Qxh6+ Kg8 17. f4 Rf7 18. Qh5 Rh7 19. Qf3 Qf8 20. e4 dxe4 21. Nxe4 fxe4 22. Bxe4 Rh6 23. Bxb7 Rb8 24. Rad1 Bb5 25. Rfe1 Kf7 26. a4 Be8 27. Be4 Qg7 28. f5 Kg8 29. Re3 Bh5 30. Qg3 Bxd1 31. f6 Bxf6 32. exf6 Rxf6 33. Re1 Qxg3 34. hxg3 Bg4 35. Bd3 Nd5 36. Re5 Bf5 37. Be4 Bxe4 38. Rxe4 Kf7 39. Rc4 Rc8 40. c3 Ne3 41. Re4 Nd5 42. c4 Nb6 43. g4 Rg8 44. Kh2 Rh6+ 45. Kg3 Nd7 46. Kf4 Kf6 47. Kf3 e5 48. a5 Rb8 49. Re3 Rb4 50. Rd3 Ke6 51. g5 Rg6 52. Kg4 Nf6+ 53. Kh4 e4 54. Re3 Ke5 55. g3 Kd4 56. Re1 Rxb3 57. gxf6 Rxf6 58. g4 e3 59. g5 Rg6 60. Kg4 Kxc4 61. Kf3 Rxg5 62. Kf4 Rg8 63. Ke4 e2 64. Rc1+ Rc3 65. Re1 Re8+ 66. Kf4 Kd3 67. Kf3 Kd2+ 68. Kf2 Rf8+ 0-1

[Event "CP-2013-P-00035"]
[Site "LSS email"]
[Date "2013.09.30"]
[Round "?"]
[White "Mroczek, Jacek"]
[Black "Vazquez, Alvaro"]
[Result "1-0"]
[WhiteElo "2118"]
[BlackElo "653"]
[PlyCount "51"]
[EventDate "2013.10.01"]
[EventType "tourn (corr)"]
[EventRounds "6"]
[EventCountry "GER"]
[SourceTitle "Telechess CBM 163"]
[Source "ChessBase"]
[SourceDate "2014.11.11"]
[SourceVersion "2"]
[SourceVersionDate "2014.11.11"]
[SourceQuality "1"]

1. d4 d5 2. c4 e6 3. Nc3 Bb4 4. e3 Nf6 5. Bd3 Bd7 6. cxd5 exd5 7. Nge2 Nc6 8. 0-0 a6 9. Nf4 Bxc3 10. bxc3 g6 11. Ba3 Ng4 12. Nxd5 Nxh2 13. Kxh2 Qh4+ 14. Kg1 0-0-0 15. Bxa6 Na5 16. Rb1 Bc6 17. Ne7+ Qxe7 18. Bxe7 Rd7 19. Bb4 bxa6 20. Bxa5 Rd5 21. Qb3 Kd7 22. e4 Rxa5 23. Qxf7+ Kc8 24. Qf6 Re8 25. Qxc6 Rxa2 26. Qxe8# 1-0

[Event "CP-2013-P-00035"]
[Site "LSS email"]
[Date "2013.09.30"]
[Round "?"]
[White "Vazquez, Alvaro"]
[Black "Heiser, Jerome"]
[Result "0-1"]
[WhiteElo "653"]
[BlackElo "796"]
[PlyCount "66"]
[EventDate "2013.10.01"]
[EventType "tourn (corr)"]
[EventRounds "6"]
[EventCountry "GER"]
[SourceTitle "Telechess CBM 163"]
[Source "ChessBase"]
[SourceDate "2014.11.11"]
[SourceVersion "2"]
[SourceVersionDate "2014.11.11"]
[SourceQuality "1"]

1. Nc3 e5 2. Nf3 Nc6 3. e4 Nf6 4. d4 exd4 5. Nxd4 Bb4 6. Nxc6 bxc6 7. Bd2 0-0 8. e5 Nd5 9. Nxd5 Bc5 10. Nf4 Rb8 11. b3 Re8 12. Bc3 Qg5 13. Nd3 d6 14. f4 Qf5 15. Qf3 d5 16. Nxc5 Qxc2 17. Bd4 Rb4 18. Bd3 Rxd4 19. 0-0 Qxc5 20. Kh1 Kh8 21. Rac1 Qb6 22. Bb1 Ba6 23. Rfe1 Qb4 24. Re3 Rxf4 25. Qh5 g6 26. Qg5 Rf1+ 27. Rxf1 Bxf1 28. Qf6+ Kg8 29. Qxf1 Qd2 30. Re2 Qg5 31. Qf2 Rxe5 32. Bd3 Qc1+ 33. Re1 Rxe1+ 0-1

[Event "OP-2013-0-02913"]
[Site "LSS email"]
[Date "2013.07.30"]
[Round "?"]
[White "Dlugolecki, Grzegorz"]
[Black "Vazquez, Alvaro"]
[Result "1-0"]
[WhiteElo "1460"]
[BlackElo "653"]
[PlyCount "105"]
[EventDate "2013.07.27"]
[EventType "tourn (corr)"]
[EventRounds "4"]
[EventCountry "GER"]
[SourceTitle "Telechess CBM 167"]
[Source "ChessBase"]
[SourceDate "2015.07.13"]
[SourceVersion "1"]
[SourceVersionDate "2015.07.13"]
[SourceQuality "1"]

1. e4 Nc6 2. d4 Nf6 3. e5 Nd5 4. c4 Nb6 5. d5 Nxe5 6. c5 Nbc4 7. Qd4 d6 8. Bxc4 e6 9. dxe6 fxe6 10. Be3 Nc6 11. Bb5 Bd7 12. Qe4 Qf6 13. Nc3 0-0-0 14. Nf3 d5 15. Qa4 Kb8 16. Bg5 Qg6 17. Bxd8 Qxg2 18. Bxc7+ Ka8 19. Bb6 Bxc5 20. Bxc5 Qxh1+ 21. Ke2 Qxa1 22. Bxc6 Qxb2+ 23. Kd3 Kb8 24. Qxa7+ Kc7 25. Qa5+ Kxc6 26. Qb6+ Qxb6 27. Bxb6 Kxb6 28. Ne5 Be8 29. f4 g6 30. Ke3 Rg8 31. h4 h5 32. Nf3 Kc5 33. Ne2 b5 34. Ned4 Bd7 35. Ne5 Bc8 36. a3 Ba6 37. Nxe6+ Kb6 38. Kd4 Ka5 39. Nc5 Rb8 40. Nc6+ Kb6 41. Nxb8 Bc8 42. Kxd5 Kc7 43. Nc6 Bh3 44. Ne7 Bg2+ 45. Ke5 Kb6 46. Kd6 Bf1 47. Nxg6 Bc4 48. f5 Bf7 49. Ne5 Bc4 50. f6 b4 51. Nxc4+ Kb5 52. axb4 Kxc4 53. f7 1-0

[Event "OP-2013-0-02913"]
[Site "LSS email"]
[Date "2013.07.30"]
[Round "?"]
[White "Vazquez, Alvaro"]
[Black "Cardoso do Espirito Santo, Rubens"]
[Result "0-1"]
[WhiteElo "653"]
[BlackElo "1787"]
[PlyCount "60"]
[EventDate "2013.07.27"]
[EventType "tourn (corr)"]
[EventRounds "4"]
[EventCountry "GER"]
[SourceTitle "Telechess CBM 167"]
[Source "ChessBase"]
[SourceDate "2015.07.13"]
[SourceVersion "1"]
[SourceVersionDate "2015.07.13"]
[SourceQuality "1"]

1. Nc3 Nf6 2. Nf3 d5 3. d4 Bf5 4. h3 e6 5. a3 c5 6. e3 Nc6 7. Bb5 Qb6 8. Ne5 Bd6 9. g4 Bg6 10. b4 cxb4 11. axb4 Bxe5 12. Ra5 Bd6 13. Na4 Bxb4+ 14. Bd2 Qxa5 15. Bxc6+ bxc6 16. c3 Bd6 17. 0-0 Qa6 18. Nc5 Bxc5 19. dxc5 Rb8 20. Qf3 Ne4 21. Be1 Ng5 22. Qg3 Rb1 23. h4 Ne4 24. Qe5 Nd2 25. c4 Qxc4 26. Qb8+ Rxb8 27. Bxd2 Qxg4+ 28. Kh2 Rb2 29. Be1 Be4 30. Rg1 Qxh4# 0-1

[Event "OP-2013-0-02890"]
[Site "LSS email"]
[Date "2013.07.18"]
[Round "?"]
[White "Dlugolecki, Grzegorz"]
[Black "Vazquez, Alvaro"]
[Result "1-0"]
[WhiteElo "1601"]
[BlackElo "800"]
[PlyCount "21"]
[EventDate "2013.07.15"]
[EventType "tourn (corr)"]
[EventRounds "4"]
[EventCountry "GER"]
[SourceTitle "Corr 2015"]
[Source "ChessBase"]
[SourceDate "2015.07.17"]
[SourceVersion "1"]
[SourceVersionDate "2015.07.17"]
[SourceQuality "1"]

1. e4 Nc6 2. d4 e5 3. Nf3 f6 4. Nh4 exd4 5. Qh5+ Ke7 6. Nf5+ Ke6 7. Bc4+ Ke5 8. Bf4+ Kxf4 9. g3+ Kxe4 10. Nd6+ Bxd6 11. Qd5# 1-0

[Event "OP-2013-0-02886"]
[Site "LSS email"]
[Date "2013.07.16"]
[Round "?"]
[White "Vazquez, Alvaro"]
[Black "Verich, Oleg"]
[Result "0-1"]
[WhiteElo "654"]
[BlackElo "952"]
[PlyCount "64"]
[EventDate "2013.07.13"]
[EventType "tourn (corr)"]
[EventRounds "4"]
[EventCountry "GER"]
[SourceTitle "Telechess CBM 163"]
[Source "ChessBase"]
[SourceDate "2014.11.11"]
[SourceVersion "2"]
[SourceVersionDate "2014.11.11"]
[SourceQuality "1"]

1. Nc3 d5 2. d4 Nf6 3. Nf3 e6 4. a3 Be7 5. Ne5 Nbd7 6. Bf4 0-0 7. e3 c6 8. Bd3 Ne8 9. Qg4 f5 10. Qh5 Nef6 11. Qh3 Ne4 12. Nxe4 dxe4 13. Bxe4 Nxe5 14. Bxe5 fxe4 15. Qg3 Bf6 16. Bf4 Qa5+ 17. b4 Qd5 18. 0-0 Bd7 19. f3 Rae8 20. Bd6 Rf7 21. fxe4 Qxe4 22. c4 e5 23. Rae1 exd4 24. Bf4 d3 25. Bh6 Qg6 26. Qxg6 hxg6 27. Bf4 Bg4 28. e4 Bd4+ 29. Kh1 Be2 30. Rxe2 dxe2 31. Re1 Rxf4 32. Rxe2 Rf1# 0-1